| 000 | 00465nam a22001577a 4500 | ||
|---|---|---|---|
| 020 | _a8189175211 | ||
| 082 |
_aM 294.592 1 _bDAY/D.2 |
||
| 100 |
_aDayananda Saraswathi _991620 |
||
| 245 |
_aDayananda sahitya sakalayam Part 2/ _cby Dayananda Saraswathi |
||
| 260 |
_aChengannur: _bNarendrabhooshan Smaraka Prathishtapanam, _c2014. |
||
| 300 | _a875p. | ||
| 650 |
_aVedic Literature _991621 |
||
| 650 |
_aHinduism _991622 |
||
| 650 |
_aReligion _991623 |
||
| 942 | _cBK | ||
| 999 |
_c139723 _d139723 |
||